| 000 | 00574cam a22002171 4500 | ||
|---|---|---|---|
| 001 | sa 65000783 | ||
| 003 | DLC | ||
| 005 | 20260227112105.0 | ||
| 008 | 890906s1963 ii c 000 0 gujo | ||
| 010 | _asa 65000783 | ||
| 035 | _a(OCoLC)20305580 | ||
| 040 |
_aDLC _cWaU _dDLC |
||
| 042 | _apremarc | ||
| 050 | 0 | 0 |
_aBP585.B3 _bM3 |
| 100 | 1 |
_aMahetā, Harajīvana Kālidāsa, _d1882- |
|
| 245 | 1 | 0 | _aMānava kulasevikā Enī Besanṭa. |
| 260 | _c[1963] | ||
| 300 |
_a11, 3, 464, 8 p. _bports. _c20 cm. |
||
| 500 | _aIn Gujarati. | ||
| 600 | 1 | 0 |
_aBesant, Annie, _d1847-1933. |
| 999 |
_c61742 _d61742 |
||